¿Competencias o cualificaciones?

Bibliographic Details
Main Author: Maldonado Garca̕, Miguel ℓngel
Format: eBook
Language:Spanish
Published: Bogot:̀ ECOE, 2014
Subjects:
Online Access:Acceso restringido

MARC

LEADER 00000nam a22000007a 4500
005 20220412230337.0
007 cr|||| ||||
008 220412s2014 co |||||s|||| 00||0 spa d
020 |a 9789587710090 
035 |a 35836 
040 |a vLex 
090 |c 13178  |d 13178 
100 1 |a Maldonado Garca̕, Miguel ℓngel 
245 1 0 |a ¿Competencias o cualificaciones?  |h [Recurso electrn̤ico] /  |c Miguel ℓngel Maldonado Garca̕ 
256 |a Servicio en ln̕ea 
260 |a Bogot:̀  |b ECOE,  |c 2014 
300 |a 1 recurso electrn̤ico 
506 1 |a Disponible solo en los productos indicados  |d vLex Global  |d vLex Global (Academic Edition, excluding Law Schools)  |d vLex Global (U.S. Academic Edition, Law Schools)  |d vLex Global (U.S. Academic Edition, excluding Law Schools)  |d vLex Global (Academic Edition, Law Schools) 
650 0 4 |a Educacin̤  |z Colombia 
740 0 |a vLex Libros (Servicio en ln̕ea) 
856 4 0 |u https://app.vlex.com/#/sources/35836  |z Acceso restringido 
942 |c BOOK 
999 0 |a Education